000 00488nam a2200169Ia 4500
005 20250508154308.0
008 008 250505s9999 xx 000 0 eng d
037 _aBooks to be hide in OPAC
040 _aFEDL
_beng
_cFEDL
041 _aeng
_2eng
084 _a312.954, CEN/O
_qFEDL
245 0 _aCensus of India. Paper No.1. 1963: Primary census abstracts- religion.
260 _c1963
300 _a49p.
942 _cHB
_h312.954, CEN/O
999 _c1349425
_d1349425